| 000 | 00677nam a2200217 a 4500 | ||
|---|---|---|---|
| 001 | 12482 | ||
| 003 | CO-ViMGA | ||
| 008 | 141112s2004 ck r 000 u spa d | ||
| 020 | _a3215015242 | ||
| 040 |
_aCO-ViMGA _bspa _cCO-ViMGA |
||
| 082 | 0 | 4 | _a796.4 G811 |
| 100 | 1 |
_aGuibbert, L. _917969 |
|
| 245 | 1 | 0 | _a1000 Ejercicios y juegos de musculación |
| 260 |
_aBarcelona : _bHispano Europea, _c1994 |
||
| 300 | _a144p. : il. | ||
| 590 | _aForma de adquisición : COMPRA - - Precio : 73.700 - - Proveedor : TUCIDIDES PEREA - - Fecha de adquisición : 09 - 06 - 2000 | ||
| 650 | 1 | 4 |
_aEJERCICIO _917970 |
| 650 | 1 | 4 |
_aFISICULTURISMO _92969 |
| 650 | 1 | 4 | _aGIMNASIA |
| 942 |
_2ddc _cBK |
||
| 999 |
_c23479 _d23479 |
||